LEADER 00853nam0 22002411i 450 001 UON00134633 005 20231205102815.108 100 $a20020107d1973 |0itac50 ba 101 $atam 102 $aIN 105 $a|||| 1|||| 200 1 $aTeyva makal$fPoovai Amudan 210 $aCenai$c[s. n.]$d1973 215 $a183 p.$d23 cm 620 $aIN$dChennai$3UONL000058 686 $aSI VI LCX$cSUBCONT. INDIANO - LETTERATURA TAMIL - PERIODO MODERNO - TESTI$2A 700 1$aAMUDAN$bPoovai$3UONV082036$00 801 $aIT$bSOL$c20240220$gRICA 899 $aSIBA - SISTEMA BIBLIOTECARIO DI ATENEO$2UONSI 912 $aUON00134633 950 $aSIBA - SISTEMA BIBLIOTECARIO DI ATENEO$dSI SI VI LCX 147 $eSI SA 58147 5 147 996 $aTeyva makal$91315008 997 $aUNIOR